000 00458nam a22001937a 4500
003 LK-CoDNM
005 20241121121405.0
008 241015b |||||||| |||| 00| 0 eng d
040 _aLK-CoDNM
_dLK-CoDNM
_eLK-CoDNM
041 _aeng
_hSinhala
080 _aPB
_bE5
245 _aThe Buddhist ii
_bNo. 3
_cVol VI
260 _bCOLOMBO
300 _b416p. : ill ; 25 cm
500 _aNewspaper
650 _aPB E5
650 _aNewspaper
942 _cBK
999 _c231723
_d231723